| 000 | 01261cam a2200157 4500500 | ||
|---|---|---|---|
| 005 | 20260201081057.0 | ||
| 041 | _afre | ||
| 042 | _adc | ||
| 100 | 1 | 0 |
_aHovanessian, Martine _eauthor |
| 245 | 0 | 0 | _aHervé Georgelin, La fin de Smyrne. Du cosmopolitisme aux nationalismes, CNRS Éditions, Collection CNRS histoire, Avril 2005, 254 p. |
| 260 | _c2005. | ||
| 500 | _a78 | ||
| 520 | _aJosette DEBROUX, The Creation of the French Ruralists Association : A Strategy for the Revalorization of Rural Studies ? The creation of the French Ruralists Association in 1974, by well-known sociologists and ethnologists who intended to organize and create « rural social sciences », can be interpreted as a strategy designed to revalorize a research field. The point of view of the founders relative to the state of « rural studies », congruent with the political and administrative point of view of the social sciences, reveals certain charactistics of this research field and the positions and dispositions of those who (or who claim to) represent it. | ||
| 786 | 0 | _nL'Homme & la Société | 155 | 1 | 2005-03-01 | p. 203i-221i | 0018-4306 | |
| 856 | 4 | 1 | _uhttps://shs.cairn.info/revue-l-homme-et-la-societe-2005-1-page-203i?lang=fr&redirect-ssocas=7080 |
| 999 |
_c1640201 _d1640201 |
||